Ecological economics (Record no. 46)
[ view plain ]
| 000 -LEADER | |
|---|---|
| fixed length control field | 00458 a2200181 4500 |
| 001 - CONTROL NUMBER | |
| control field | 001671 |
| 003 - CONTROL NUMBER IDENTIFIER | |
| control field | OSt |
| 005 - DATE AND TIME OF LATEST TRANSACTION | |
| control field | 20211202131432.0 |
| 008 - FIXED-LENGTH DATA ELEMENTS--GENERAL INFORMATION | |
| fixed length control field | |
| 082 ## - DEWEY DECIMAL CLASSIFICATION NUMBER | |
| Classification number | 333.7 |
| Item number | D17E |
| 100 1# - MAIN ENTRY--PERSONAL NAME | |
| Personal name | Daly, Herman E. |
| 245 1# - TITLE STATEMENT | |
| Title | Ecological economics |
| Statement of responsibility, etc | by Herman E. Daly and Joshua Farley |
| 260 ## - PUBLICATION, DISTRIBUTION, ETC. (IMPRINT) | |
| Place of publication, distribution, etc | New Delhi |
| Name of publisher, distributor, etc | Pearson |
| Date of publication, distribution, etc | 2007 |
| 300 ## - PHYSICAL DESCRIPTION | |
| Extent | 454p. |
| 653 ## - INDEX TERM--UNCONTROLLED | |
| Uncontrolled term | Environmental economics |
| 700 ## - ADDED ENTRY--PERSONAL NAME | |
| Personal name | Farley, Joshua |
| 942 ## - ADDED ENTRY ELEMENTS (KOHA) | |
| Source of classification or shelving scheme | Dewey Decimal Classification |
| Koha item type | Books |
| Withdrawn status | Lost status | Source of classification or shelving scheme | Damaged status | Not for loan | Collection code | Home library | Current library | Date acquired | Source of acquisition | Cost, normal purchase price | Full call number | Barcode | Date last seen | Price effective from | Koha item type |
|---|---|---|---|---|---|---|---|---|---|---|---|---|---|---|---|
| Dewey Decimal Classification | General Text Book | Central University Of Rajasthan | Central University Of Rajasthan | 28/09/2010 | ECO | 575.00 | 333.7 D17E | 1663 | 21/11/2024 | 02/09/2020 | Books |
